Регионална библиотека "Любен Каравелов" - Русе

Ленивият щърк (Запис номер 498723)

MARC детайли
000 -Лидер
Контролно поле с фиксирана дължина 01384nam a2200277 a 4500
003 - Код на организацията, давaща контролен номер
Контролно поле BLK
005 - Дата и час на последна редакция
Контролно поле 20250516123139.0
008 - Елементи от данни с фиксирана дължина
fixed length control field 180820b bul||||| |||| 00| 0 bul d
020 ## - Международен стандартен номер на книга ISBN
Международен стандартен номер на книга ISBN 9786191933112
040 ## - Източник на каталожния запис
Идентификатор на билиотеката - собственик на записа BLK
041 ## - Код за език
Код за езика на текст/звукозапис или на отделно заглавие Български
Код за езика КДБФ Български
080 ## - УДК
Текстов определител УДК Българска литература
УДК код - определител по УДК 821.163.2
УДК - код + определител 821.163.2-93-34
100 ## - Редна дума - Автор
Автор Александрова, Диана Александрова
Авторска отговорност първи автор
R(LIN) 474128
139 ## - Редно поле
Авторски знак Алекс - А 51
245 ## - Сведения за заглавието
Заглавие Ленивият щърк
Редно поле (дума) Диана Александрова ; ил. Свилен Димитров ; прев. Мария Донева
260 ## - Област на издателските данни
9 (RLIN) 217678
Име на издателя, разпространителя и проч. Артлайн Студиос
Място на издаване, разпространение и проч. София
Година на издаване 2023
Информация за издателството Студио Арт Лайн
Издателство - префикс ISBN 978-619-193- ; 978-954-2908-
300 ## - Физическа характеристика
Страници 32 с.
Илюстрации и др. с ил.
Размери/Мащаб 22х22 см
380 ## - Жанр
Жанр Детска худож. лит.
500 ## - Общи забележки
Забележка Запознай се с автора, илюстратора: с. 32;<br/>Пълната форма на името на прев. Мария Донева е Мария Донева Петрова
700 ## - Други автори (авторска отговорност)
9 (RLIN) 331509
Лично име Димитров, Свилен
Автороска отговорност (Описва отношението между автора и произведението) първи автор
700 ## - Други автори (авторска отговорност)
Лично име Донева, Мария
Пълна форма на името Петрова, Мария Донева
Дати, свързани с автора 1974-
Друга информация Поетеса, детска писателка.
9 (RLIN) 365115
942 ## - АРТИКУЛИ
Вид на библиотечния материал Книги
Скрит в OPAC Не
Koha issues (borrowed), all copies 15
Периодичен библиозапис Да
944 ## - СЪЗДАВАНЕ И РЕДАКЦИЯ на ЗАПИСА
Дата на регистрацията/редакция Нора Радева
Служител, извършил регистрацията/редакцията 30537
Статус, дата на статуса Грета Цуфелде
999 ## - СИСТЕМНИ КОНТРОЛНИ НОМЕРА
Koha biblionumber 498723
Koha biblioitemnumber 498723
999 ## - СИСТЕМНИ КОНТРОЛНИ НОМЕРА
Koha biblioitemnumber 498723
999 ## - СИСТЕМНИ КОНТРОЛНИ НОМЕРА
Koha biblioitemnumber 498722
Наличности
Код за отписване Код за изгубен артикул Източник на класификационната схема Код за повреда Код за отдаване Артикулен № Име на библиотеката - собственик Име на библиотеката, в която се намира в момента Статус (Текущо местоположение) Дата на вписване в системата Местоположение - отдел Цена в лева Инвентарен номер Систематично азбучна сигнатура Баркод Цена в евро Служебен тип на артикула
  Не е изгубен Universal Decimal Classification Не е повреден заемане за дома 936938 Регионална библиотека "Любен Каравелов" Русе Регионална библиотека "Любен Каравелов" Русе Детски отдел 2023-11-27 Детски отдел 14.00 120000895999 821.163.2-93/А 51 Д 120000895999 7.16 Книги
  Не е изгубен Universal Decimal Classification Не е повреден заемане за дома 936939 Регионална библиотека "Любен Каравелов" Русе Регионална библиотека "Любен Каравелов" Русе Детски отдел 2023-11-27 Детски отдел 14.00 120000895998 821.163.2-93/А 51 Д 120000895998 7.16 Книги
Vip Innovations Ltd, Rousse, Bulgaria 2025